Countries Andy Serkis has Visited - Statistics

General Stats
  • This quiz has been taken 16 times
  • The average score is 9 of 10
Answer Stats
Continent Country % Correct
Oceania New Zealand
100%
Oceania Australia
90%
Europe Belgium
90%
North America Canada
90%
Europe France
90%
Europe Germany
90%
Europe United Kingdom
90%
North America United States of America
90%
Asia United Arab Emirates
70%
Europe Sweden
50%
No matching quizzes found
Score Distribution
Percent of People with Each Score
Percentile by Number Answered
Your Score History
You have not taken this quiz